header

The opening of vision (Record no. 1844)

MARC details
000 -LEADER
fixed length control field 01186nam a2200313Ia 4500
082 04 - DEWEY DECIMAL CLASSIFICATION NUMBER
Classification number 149/.8
100 1# - MAIN ENTRY--AUTHOR NAME
Personal name Kleinberg-Levin, David Michael,
245 14 - TITLE STATEMENT
Title The opening of vision
260 ## - PUBLICATION, DISTRIBUTION, ETC. (IMPRINT)
Place of publication New York :
Name of publisher Routledge,
Year of publication 1988.
300 ## - PHYSICAL DESCRIPTION
Number of Pages xii, 560 p.
650 #0 - SUBJECT ADDED ENTRY--TOPICAL TERM
Topical Term Civilization, Modern
Topical Term Nihilism (Philosophy)
856 40 - ELECTRONIC LOCATION AND ACCESS
Uniform Resource Identifier http://site.ebrary.com/lib/rucke/Doc?id=5003261

No items available.

© 2026 Rongo University
Contact us: librarian | system librarian | Rongo university